| 000 | 00925nam a2200181 i 4500 | ||
|---|---|---|---|
| 001 | 154230 | ||
| 003 | ES-MaACL | ||
| 005 | 20230906205558.0 | ||
| 008 | 931025s1859 sp |||| | spa d | ||
| 100 | 1 |
_aGarcía Huerta, Antonio. _9127211 |
|
| 245 | 1 | 3 |
_aLa bolsa y el bolsillo _b: comedia en tres actos y en prosa / _ctraducida y arreglada de la que escribió en francés Mr. de Beauplan con el título De Les piéges dorés ... por Antonio Garcia Huerta. |
| 260 |
_aMadrid : _b[s.n.], _c1859 ( _fImprenta de José Rodriguez) |
||
| 300 |
_a54 p. ; _c19 cm. |
||
| 500 | _aEn port.: Representada por primera vez con extraordinario aplauso en el teatro de Lope de Vega el 11 de noviembre de1859. | ||
| 700 | 1 |
_aBeauplan, Arthur de. _9138027 |
|
| 852 | 4 |
_aES-MaACL _jF-8609(11) _z-- Enc. pasta española _z-- Enc. en un vol. facticio formando parte de la col. facticia "Teatro español moderno", vol. 64 |
|
| 999 |
_c154230 _d154230 |
||